000 00540cam a22001337a 4500
008 180718b1959 xxu||||| |||| 00| 0 eng d
082 _aB835x42 Un3r/59m/8
100 _aUnited Kingdom. Royal Commission on Local Government in Great Britain
245 _aRoyal Commission on local government in Greater London: minutes of evidence 8, eighth day, friday, 10th April, 1959
260 _aLondon
_bHer Majesty's Stationery Office
_c1959
300 _aP286-326
500 _aBound with B935x42 Un3r/59m/1-26
700 _aHerbert, Edward, Chairman
999 _c392861
_d392861